000 00742nam a2200289Ia 4500
005 20260324113337.0
008 008 260324s9999 xx 000 0 eng d
020 _a9781003478867
037 _aEBOOK
040 _aCRL
040 _beng
040 _cCRL
041 _2eng
041 _aeng
084 _qCRL
100 _aWilliam R. Thompson; Thomas J. Volgy
_91146394
245 0 _aReconsidering the East Asian Peace
245 0 _bConfluences, Regional Characteristics and Societal Transformations
260 _bTaylor and Francis
260 _c2024
365 _a
365 _b230
856 _uhttp://www.taylorfrancis.com/books/9781003478867
942 _cEBOOK
999 _c1735993
_d1735993